00750cam a22002171 4500001001300000003000400013005001700017008004100034010001700075035001900092040004600111050002300157051002100180100004500201245009300246260004300339300004800382490005200430650003300482999001700515gs 23000149 DLC20260227111327.0790320s1923 xx 000 0 eng c ags 23000149  a(OCoLC)4758824 aLibrary, U.S. Geological surveycOCldDLC00aTC801b.U2 no. 496 aTD223b.C65 19231 aCollins, W. D.q(William Dennis),d1875-14aThe industrial utility of public water supplies in the United States,cby W. D. Collins. aWashington,bGovt. print. off.,c1923. aiii, [1], 59 p.bfold. map, tables.c23 cm.0 aU. S. Geological survey. Water-supply paper 496 0aWater-supplyzUnited States. c26232d26232